000 00344nam a22001577a 4500
003 MPLRDC
005 20220104114359.0
008 210129b ||||| |||| 00| 0 eng d
082 _a857.623 LR
100 _a如人著
245 _a海边艳尸
_c
260 _a
_b新生出版社
_c
300 _b
650 _a
942 _cBK
_o857.623 LR
999 _c7027
_d7017